Movies Quiz

Random Movies or Clickable Quiz

'I'm Only...MOSTLY Dead!' Quiz Stats

 Plays Quiz Updated Aug 11, 2017

Support Sporcle.
Go Orange.
Score 0/25 Timer 06:00
4 Plays Today
% Correct
Snow White
97.8%
Anna
89.1%
Harry Potter
82.6%
Jack Sparrow
80.6%
Neo
74.6%
Gandalf
74.1%
Aslan
73%
Selina Kyle
71.9%
Jean Grey
70%
Nick Fury
69.1%
Meg
68.7%
E.T.
68.4%
Doc Brown
67.9%
% Correct
Flynn Rider
67.9%
Frodo
65.8%
Jason Voorhees
64.5%
Spock
63.4%
Aragorn
61.7%
Michael Myers
58.1%
Westley
56.8%
Karl
51.1%
Phil Coulson
51.1%
Phil Connors
46%
Mr. Jingles
44.2%
Mustafa
33.3%

You're not logged in!

Compare scores with friends on all Sporcle quizzes.
OR
Log In
Forgot?

From the Vault

Christmas Trivia Field

by vikZ

Just how well do you know your random Christmas trivia?
Remove Ads.
Support Sporcle.
Get the best of Sporcle when you Go Orange. This ad-free experience offers more features, more stats, and more fun while also helping to support Sporcle. Thank you for becoming a member.

Show Comments

Extras

Top Quizzes Today


Score Distribution

Your Account Isn't Verified!

In order to create a playlist on Sporcle, you need to verify the email address you used during registration. Go to your Sporcle Settings to finish the process.

Report this User

Report this user for behavior that violates our Community Guidelines.

Details: